[Event "Oberfranken-ch Q 0910"]
[Site "Schney"]
[Date "2010.01.03"]
[Round "1"]
[White "Dueduekcue, Oezguer"]
[Black "Von Berg, Hans Dieter"]
[Result "1-0"]
[WhiteElo "1769"]
[BlackElo "1448"]
[PlyCount "65"]
[EventDate "2010.01.03"]
[EventType "swiss"]
[EventRounds "6"]
[EventCountry "GER"]
[SourceTitle "EXT 2015"]
[Source "ChessBase"]
[SourceDate "2014.11.20"]
[SourceVersion "1"]
[SourceVersionDate "2014.11.20"]
[SourceQuality "1"]

1. d4 d5 2. c4 c6 3. cxd5 cxd5 4. Nf3 Nf6 5. Nc3 e6 6. Bg5 Nbd7 7. e3 Be7 8. Bd3 0-0 9. 0-0 b6 10. Rc1 Bb7 11. Qc2 Rc8 12. Qb1 Re8 13. Nb5 Rxc1 14. Rxc1 a6 15. Nc7 Rf8 16. Nxa6 Bxa6 17. Bxa6 Ne4 18. Rc8 Nxg5 19. Nxg5 Bxg5 20. Rxd8 Rxd8 21. Qc2 g6 22. Qc7 Nf8 23. Qxb6 f5 24. a4 Rd7 25. g3 Bd8 26. Qb8 Bc7 27. Qb5 Re7 28. Bb7 Kf7 29. b4 Nd7 30. a5 Bd8 31. a6 Nb6 32. Qc6 Rc7 33. Qd6 1-0

[Event "Oberfranken-ch Q 0607"]
[Site "Schney"]
[Date "2007.01.03"]
[Round "4"]
[White "Dueduekcue, Oezguer"]
[Black "Backer, Manfred"]
[Result "1-0"]
[WhiteElo "1201"]
[BlackElo "1484"]
[PlyCount "83"]
[EventDate "2007.01.02"]
[EventType "swiss"]
[EventRounds "6"]
[EventCountry "GER"]
[SourceTitle "EXT 2015"]
[Source "ChessBase"]
[SourceDate "2014.11.20"]
[SourceVersion "1"]
[SourceVersionDate "2014.11.20"]
[SourceQuality "1"]

1. Nf3 d5 2. d4 Nf6 3. c4 e6 4. Nc3 c5 5. cxd5 Nxd5 6. dxc5 Bxc5 7. Nxd5 exd5 8. e3 Be6 9. Bb5+ Ke7 10. 0-0 a6 11. Be2 Nd7 12. b3 Rc8 13. Bb2 Rg8 14. Qd2 Ke8 15. Rac1 Nb6 16. Rc2 Be7 17. Rxc8 Bxc8 18. Rc1 Bf6 19. Bd4 Bxd4 20. Qxd4 Be6 21. Qe5 Nd7 22. Qc7 Qxc7 23. Rxc7 Ke7 24. Rxb7 Rc8 25. Nd4 Rc1+ 26. Bf1 Kd6 27. f3 Nc5 28. Rb6+ Kc7 29. Rc6+ Kd7 30. Kf2 Ne4+ 31. fxe4 Rxc6 32. Nxc6 Kxc6 33. exd5+ Bxd5 34. Bxa6 f6 35. Bd3 g6 36. h4 f5 37. h5 Kc5 38. Bc4 Bxc4 39. bxc4 g5 40. Kf3 Kxc4 41. g4 fxg4+ 42. Kxg4 1-0

[Event "Oberfranken-ch Q 0607"]
[Site "Schney"]
[Date "2007.01.02"]
[Round "1"]
[White "Dueduekcue, Oezguer"]
[Black "Rahn, Manfred"]
[Result "0-1"]
[WhiteElo "1201"]
[BlackElo "1878"]
[PlyCount "44"]
[EventDate "2007.01.02"]
[EventType "swiss"]
[EventRounds "6"]
[EventCountry "GER"]
[SourceTitle "EXT 2015"]
[Source "ChessBase"]
[SourceDate "2014.11.20"]
[SourceVersion "1"]
[SourceVersionDate "2014.11.20"]
[SourceQuality "1"]

1. Nf3 d5 2. d4 Nf6 3. c4 c6 4. Nc3 e6 5. Bg5 Nbd7 6. e3 Qa5 7. a3 Ne4 8. Rc1 dxc4 9. Bf4 b5 10. Be2 Nxc3 11. Rxc3 Bxa3 12. Bc7 Qxc7 13. Rxa3 0-0 14. g4 a5 15. h4 Bb7 16. g5 e5 17. Rh3 e4 18. Nh2 c5 19. h5 cxd4 20. Qxd4 Ne5 21. Ng4 Nxg4 22. Bxg4 Rfd8 0-1